Responses for Show #5459 - Thursday, May 8, 2008

2008 College Championship quarterfinal game 4.
From the Kohl Center at the University of Wisconsin-Madison.

Contestants

[<< previous game]

Katie Winter, a senior from Tufts University

Suchita Shah, a senior from the University of Wisconsin-Madison

Danny Devries, a junior from the University of Michigan

[next game >>]

Jeopardy! Round responses

MADISON MEN
MUSICAL STYLES
FISHIN' IMPOSSIBLE
BY, THE BOOK
SHEER LUNAR SEA!
RHYME TIME
    $200 7
Jefferson

Suchita
    $200 19
country

Suchita
    $200 16
freezing

Suchita
    $200 2
(Herman) Melville

Suchita
    $200 23
clouds

Suchita
    $200 1
(Danny: What is a fat cat?)

a flabby tabby

Danny
Triple Stumper
    $400 8
(Suchita: What is the Declaration of Independence?)

the Constitution

DannySuchita
    $400 21
(Danny: What is beatbox?)

hip-hop

Danny
Triple Stumper
    $400 17
whiskers

Suchita
    $400 4
Gertrude Stein

Katie
    $400 25
dew

Suchita
    $400 3
a French stench

Danny
    $600 13
the Federalist Papers

Suchita
    $600 22
(Katie: What is Big Bopper?)

rockabilly

Katie
Triple Stumper
    $600 18
plankton

Danny
    $600 5
(Katie: Who is Arthur C. Clarke?)

Douglas Adams

Katie
Triple Stumper
    $600 26
sleep

Suchita
    $600 10
a teeny genie

Danny
    $1,200 14
Monroe

Suchita
    $800 29
(Danny: Uh...)

reggaeton

DannySuchita
    $800 20
a flying fish

Danny
    $800 6
Faulkner

Suchita
    $800 27
nectar

Katie
    $800 11
a closer grocer

Danny
    $1000 15
(Oliver Hazard) Perry

Suchita
    $1000 30
zydeco

Katie
    $1000 24
a salmon

Suchita
    $1000 9
Roald Dahl

Katie
    $1000 28
(Suchita: What is snow?)

storms

Suchita
Triple Stumper
    $1000 12
rust dust

Suchita

Scores at the first commercial break (after clue 15):

Danny Suchita Katie
$2,000 $4,600 $800

Scores at the end of the Jeopardy! Round:

Danny Suchita Katie
$2,200 $7,400 $2,000

Double Jeopardy! Round responses

MEDICINE
THE BRAT FEST
LET'S VISIT THE MIDEAST
PRODUCT PLACEMENT
WOMEN IN HISTORY
GET YOUR "B.A."
    $400 5
a stethoscope

Suchita
    $400 13
(Alex: Doesn't make her a bad girl!)

Paris Hilton

Suchita
    $400 2
(Suchita: What is the Dead Sea?)
(Katie: What is the Red Sea?)

the Mediterranean Sea

DannySuchitaKatie
    $400 15
a Frisbee

Danny
    $400 1
Abigail Adams

Danny
    $400 8
a bank account

Danny
    $800 6
(Suchita: What is a psychopathic illness?)

a psychosomatic

SuchitaKatie
    $800 18
Lindsay Lohan

Katie
    $800 3
Saudi Arabia

Triple Stumper
    $800 16
Velveeta

Suchita
    $800 14
(Danny: Who is Jane Grey?)

Mary Tudor

Danny
Triple Stumper
    $800 25
bon appetit

Danny
    $1,200 7
(Katie: What is...cardiopulmonary disease?)

diabetes

Katie
    $1200 19
(Matt) Leinart

Danny
    $1200 4
a Bedouin

Suchita
    $1200 17
Robitussin

Katie
    $1200 22
(Suchita: What is "Glory, Glory, Hallelujah?)
...
(Alex: You didn't give us the title, Suchita.)

"The Battle Hymn of the Republic"

Suchita
Triple Stumper
    $1200 26
a body artist

Suchita
    $1600 11
Alzheimer's

Suchita
    $1600 20
(Tara) Reid

Danny
    $1600 9
(Danny: What is revolutionary?)

Islamic republic

Danny
Triple Stumper
    $1600 27
WD-40

Suchita
    $1600 23
Florence Nightingale

Katie
    $3,600 30
the Bronze Age

Danny
    $2000 12
Apollo

Triple Stumper
    $2000 21
Kid Rock

Katie
    $2000 10
Syria

Suchita
    $2000 28
Febreze

Danny
    $2000 24
(Suchita: Who is Evia Peron?)
...
(Alex: [*], not "Evia". Sorry, you put a--one vowel too many in there.)

Eva Peron

DannySuchita
    $2000 29
born again

Triple Stumper

Scores at the end of the Double Jeopardy! Round:

Danny Suchita Katie
$12,600 $12,200 $6,800

Final Jeopardy! Round responses

FAMOUS AUSTRIANS
KatieWho was Mozart?
$3,000
SuchitaWho is Mozart?
$2,008
DannyWho is Motzart?
$12,411
Mozart

Final scores:

Danny Suchita Katie
$25,011 $14,208 $9,800
Automatic semifinalist 2nd place: $5,000 if eliminated 3rd place: $5,000 if eliminated

Game dynamics:

Coryat scores:

Danny Suchita Katie
$10,600 $11,800 $8,000
16 R
(including 1 DD),
5 W
23 R
(including 1 DD),
6 W
9 R,
4 W
(including 1 DD)

Combined Coryat: $30,400

[game clues] [game scores] [suggest correction]

Game tape date: 2008-04-11
The J! Archive is created by fans, for fans. Scraping, republication, monetization, and malicious use prohibited; this site may use cookies and collect identifying information. See terms. The Jeopardy! game show and all elements thereof, including but not limited to copyright and trademark thereto, are the property of Jeopardy Productions, Inc. and are protected under law. This website is not affiliated with, sponsored by, or operated by Jeopardy Productions, Inc. Join the discussion at JBoard.tv.